000 00313nam a22001337a 4500
008 170530b xxu||||| |||| 00| 0 eng d
020 _a9781595584410
041 _aeng
080 _a93
100 _a17
101 _aSHH
245 _a1877/ AMERICAN YEAR OF LIVING VIOLENTLY
_cBELLESILES, M.A
942 _2udc
_cBK
999 _c15014
_d15014